World Nationalities - Statistics

General Stats
  • This quiz has been taken 171 times
    137 since last reset
  • The average score is 115 of 196
Answer Stats
Country Nationality(s) % Correct
Albania Albanian
94%
Estonia Estonian
91%
Finland Finnish
91%
France French
91%
Austria Austrian
89%
Bosnia and Herzegovina Bosnian / Herzegovinian
89%
Croatia Croatian
89%
Greece Greek
89%
Ireland Irish
89%
Italy Italian
89%
Czech Republic Czech
88%
Germany German
88%
Hungary Hungarian
88%
Latvia Latvian
88%
Bulgaria Bulgarian
86%
Denmark Danish
86%
Belarus Belarusian
85%
Iceland Icelander
85%
Russia Russian
85%
Sweden Swedish
83%
United Kingdom British
82%
Poland Polish
82%
Spain Spanish
82%
Andorra Andorran
80%
Lithuania Lithuanian
80%
Serbia Serbian
80%
Slovakia Slovak
80%
Belgium Belgian
78%
Portugal Portuguese
78%
Romania Romanian
78%
Slovenia Slovenian
78%
Ukraine Ukrainian
78%
China Chinese
77%
Netherlands Dutch
77%
India Indian
77%
Japan Japanese
77%
Afghanistan Afghan
75%
Algeria Algerian
75%
United States American
75%
Armenia Armenian
75%
Cambodia Cambodian
75%
North Korea North Korean
75%
South Korea South Korean
75%
Switzerland Swiss
75%
Thailand Thai
75%
Vietnam Vietnamese
75%
Australia Australian
74%
Bolivia Bolivian
74%
Canada Canadian
74%
Georgia Georgian
74%
Indonesia Indonesian
74%
Iran Iranian
74%
North Macedonia Macedonian
74%
Malaysia Malaysian
74%
Mexico Mexican
74%
Moldova Moldovan
74%
Norway Norwegian
74%
Israel Israeli
72%
Jamaica Jamaican
72%
Laos Laotian
72%
Malta Maltese
72%
Nepal Nepali
72%
Syria Syrian
72%
Turkey Turkish
72%
Vatican City Vatican
72%
Argentina Argentine
71%
Colombia Colombian
71%
Cuba Cuban
71%
Iraq Iraqi
71%
Kazakhstan Kazakh
71%
Mongolia Mongolian
71%
Pakistan Pakistani
71%
Taiwan Taiwanese
71%
Brazil Brazilian
69%
Chile Chilean
69%
Dominica | Dominican Republic Dominican
69%
Haiti Haitian
69%
Saudi Arabia Saudi
69%
Angola Angolan
68%
Kuwait Kuwaiti
68%
Lebanon Lebanese
68%
Oman Omani
68%
Turkmenistan Turkmen
68%
Uzbekistan Uzbek
68%
Yemen Yemeni
68%
Azerbaijan Azerbaijani
66%
Bahrain Bahraini
66%
Costa Rica Costa Rican
66%
Kyrgyzstan Kyrgyz
66%
Venezuela Venezuelan
66%
Ecuador Ecuadorian
65%
Egypt Egyptian
65%
Fiji Fijian
65%
Guatemala Guatemalan
65%
Bangladesh Bangladeshi
63%
Jordan Jordanian
63%
Peru Peruvian
63%
El Salvador Salvadoran
63%
Sri Lanka Sri Lankan
63%
Tajikistan Tajik
63%
Myanmar Burmese
62%
Kenya Kenyan
62%
Nicaragua Nicaraguan
62%
Qatar Qatari
62%
Samoa Samoan
62%
Ethiopia Ethiopian
60%
Saint Lucia Saint Lucian
60%
Tonga Tongan
60%
Kosovo Kosovan
58%
Federated States of Micronesia Micronesian
58%
Singapore Singaporean
58%
Maldives Maldivian
57%
Bhutan Bhutanese
55%
Gambia Gambian
55%
Libya Libyan
55%
New Zealand New Zealander
55%
Nigeria Nigerian
55%
Antigua and Barbuda Antiguan / Barbudan
54%
Philippines Filipino
54%
Rwanda Rwandan
54%
Cameroon Cameroonian
52%
Liberia Liberian
52%
Tuvalu Tuvaluan
52%
Uruguay Uruguayan
52%
Brunei Bruneian
51%
Eritrea Eritrean
51%
Guinea Guinean
51%
Guyana Guyanese
51%
Paraguay Paraguayan
51%
Somalia Somali
51%
South Africa South African
51%
United Arab Emirates Emirati
49%
Grenada Grenadian
49%
Namibia Namibian
49%
Nauru Nauruan
49%
Tanzania Tanzanian
49%
Trinidad and Tobago Trinidadian / Tobagonian
49%
Chad Chadian
48%
Eswatini Liswati
48%
Morocco Moroccan
48%
Vanuatu Ni-Vanuatuan
48%
Palau Palauan
48%
Suriname Surinamese
48%
Tunisia Tunisian
48%
Zambia Zambian
48%
Bahamas Bahamian
46%
Burundi Burundian
46%
Cyprus Cypriot
46%
Gabon Gabonese
46%
Montenegro Montenegrin
46%
Sudan Sudanese
46%
Democratic Republic of the Congo | Republic of the Congo Congolese
45%
Benin Beninese
43%
Djibouti Djiboutian
43%
Honduras Honduran
43%
Mali Malian
43%
Papua New Guinea Papuan
43%
Uganda Ugandan
43%
Barbados Barbadian
42%
Monaco Monacan
42%
South Sudan South Sudanese
42%
Malawi Malawian
40%
Mauritania Mauritanian
40%
Senegal Senegalese
40%
Zimbabwe Zimbabwean
37%
Panama Panamanian
34%
Liechtenstein Liechtensteiner
32%
Marshall Islands Marshallese
32%
Luxembourg Luxembourger
31%
East Timor Timorese
31%
Saint Vincent and the Grenadines Saint Vincentian
29%
Comoros Comorian
28%
Solomon Islands Solomon Islander
28%
Central African Republic Central African
26%
Ghana Ghanaian
26%
San Marino Sanmarinese
26%
Belize Belizean
25%
Equatorial Guinea Equatoguinean
25%
Ivory Coast Ivorian
23%
Mauritius Mauritian
22%
Cape Verde Cape Verdean
20%
Burkina Faso Burkinabe
18%
Madagascar Malagasy
18%
São Tomé and Príncipe São Toméan
18%
Saint Kitts and Nevis Kittitian / Nevisian
17%
Seychelles Seychellois
15%
Togo Togolese
15%
Lesotho Mosotho
14%
Sierra Leone Sierra Leonean
14%
Niger Nigerien
12%
Botswana Motswana
11%
Mozambique Mozambican
6%
Guinea-Bissau Bissau-Guinean
5%
Kiribati I-Kiribati
5%
No matching quizzes found
Score Distribution
Percent of People with Each Score
Percentile by Number Answered
Your Score History
You have not taken this quiz since the last reset